Computer science / (Record no. 108)
[ view plain ]
| 000 -LEADER | |
|---|---|
| fixed length control field | 00748cam a22002412 4500 |
| 001 - CONTROL NUMBER | |
| control field | 0000000245 |
| 005 - DATE AND TIME OF LATEST TRANSACTION | |
| control field | 20151021151042.0 |
| 008 - FIXED-LENGTH DATA ELEMENTS--GENERAL INFORMATION | |
| fixed length control field | 070117s xx 000 0 eng d |
| 020 ## - INTERNATIONAL STANDARD BOOK NUMBER | |
| International Standard Book Number | 0826454607 : |
| Terms of availability | KES 931 |
| 040 ## - CATALOGING SOURCE | |
| Original cataloging agency | KABU |
| Transcribing agency | KABU |
| 050 #0 - LIBRARY OF CONGRESS CALL NUMBER | |
| Classification number | QA76 |
| Item number | .F74 1996 |
| 100 1# - MAIN ENTRY--PERSONAL NAME | |
| Personal name | French, C. S. |
| -- | 0000159884 |
| 245 10 - TITLE STATEMENT | |
| Title | Computer science / |
| Statement of responsibility, etc. | C. S. French. |
| 250 ## - EDITION STATEMENT | |
| Edition statement | 5th ed. |
| 260 ## - PUBLICATION, DISTRIBUTION, ETC. (IMPRINT) | |
| Place of publication, distribution, etc. | London : |
| Name of publisher, distributor, etc. | Thomson Learning, |
| Date of publication, distribution, etc. | 1996. |
| 300 ## - PHYSICAL DESCRIPTION | |
| Extent | vii, 506 p. |
| 650 #0 - SUBJECT ADDED ENTRY--TOPICAL TERM | |
| Topical term or geographic name as entry element | Computer science. |
| -- | 0000058480 |
| 908 ## - PUT COMMAND PARAMETER (RLIN) | |
| Put command parameter | 070117 |
| 950 ## - LOCAL HOLDINGS (RLIN) | |
| -- | 1 |
| Withdrawn status | Lost status | Source of classification or shelving scheme | Damaged status | Not for loan | Home library | Current library | Date acquired | Total Checkouts | Full call number | Barcode | Date last seen | Date last checked out | Price effective from | Koha item type | Total Renewals | Checked out | Public note |
|---|---|---|---|---|---|---|---|---|---|---|---|---|---|---|---|---|---|
| Library of Congress Classification | Kabarak, Main Campus | Kabarak, Main Campus | 17/12/2015 | 6 | QA76 .F74 1996 | 004463 | 17/11/2025 | 17/11/2025 | 17/12/2015 | General Collection | 1 | 11/12/2025 | |||||
| Library of Congress Classification | Kabarak, Main Campus | Kabarak, Main Campus | 17/12/2015 | 7 | QA76 .F74 1996 | 011100 | 15/11/2022 | 01/11/2022 | 17/12/2015 | General Collection | |||||||
| Library of Congress Classification | Kabarak, Main Campus | Kabarak, Main Campus | 17/12/2015 | 2 | QA76 .F74 1996 | 004689 | 13/12/2022 | 01/12/2022 | 17/12/2015 | General Collection | |||||||
| Library of Congress Classification | Kabarak, Main Campus | Kabarak, Main Campus | 17/12/2015 | 2 | QA76 .F74 1996 | 004687 | 22/10/2018 | 17/10/2018 | 17/12/2015 | General Collection | Kabarak University Library | ||||||
| Long Overdue (Lost) | Library of Congress Classification | Kabarak, Main Campus | Kabarak, Main Campus | 17/12/2015 | 1 | QA76 .F74 1996 | 004688 | 11/05/2016 | 25/01/2016 | 17/12/2015 | General Collection | ||||||
| Library of Congress Classification | Kabarak, Main Campus | Kabarak, Main Campus | 17/12/2015 | 2 | QA76 .F74 1996 | 010625 | 22/10/2018 | 18/10/2018 | 17/12/2015 | General Collection | 1 | ||||||
| Lost | Library of Congress Classification | Kabarak, Nakuru City Campus | Kabarak, Nakuru City Campus | 21/10/2015 | 1 | QA76 .F74 1996 c. 1 | 005545 | 26/01/2016 | 26/01/2016 | 21/10/2015 | General Collection | ||||||
| Lost and Paid For | Library of Congress Classification | Kabarak, Nakuru City Campus | Kabarak, Nakuru City Campus | 21/10/2015 | QA76 .F74 1996 c. 3 | 003122 | 21/10/2015 | 21/10/2015 | General Collection | ||||||||
| Library of Congress Classification | Kabarak, Nakuru City Campus | Kabarak, Nakuru City Campus | 21/10/2015 | QA76 .F74 1996 c. 2 | 005546 | 21/10/2015 | 21/10/2015 | General Collection |